00971cam a22002775a 4500001001000000003000400010005001700014008004100031020001800072020001500090040004000105082002100145100001800166245007600184250001100260260004800271300003300319500002400352650003800376653002400414690004400438700004000482942000800522999001700530952014600547015571978OSt20170112115652.0100602s2011 enka fr 001 0 eng d a9780470711194 a0470711191 aStDuBDSbengcStDuBDSdUkdEG-ScBUE04222a658.404bGRA1 aGraham, Nick.10aProject management for dummies /cby Nick Graham and Stanley E. Portny. aUK ed. aChichester :bA John Wiley and Sons,c2011. axx, 384 p. :bill. ;c24 cm. aIndex : p. 365-383. 7aProject management.2BUEsh911664 bBUSADMcJanuary20177 aManagement and Business Studies2blcoll1 aPortny, Stanley E.q(Stanley Erwin) 2ddc c23909d23881 00102ddc40708AcademicaMAINbMAINc1STd2017-01-12ePurchaseg123.00h2000090l0o658.404 GRAp000040840r2025-07-15 00:00:00v153.75yBB